| 000 | 00945nam a2200181 i 4500 | ||
|---|---|---|---|
| 001 | 47774 | ||
| 003 | ES-MaACL | ||
| 005 | 20230906161628.0 | ||
| 007 | t| | ||
| 008 | 160712m19161918fr ||||1| fre d | ||
| 245 | 0 | 3 |
_aLa grande guerre : _biconographie, bibliographie, documents divers. |
| 260 |
_aParis : _bEmile-Paul frères, _c1916-1918. |
||
| 300 |
_a5 v. ; _c25 cm. |
||
| 505 | 8 | _aContiene: V. 1º y 5º: Catalogue raisonné des Estampes. Originaux, Affiches illustrées etc. du 1er Août 1914 au 31 Décembre 1915 -- Vol. 2, 3, 4: Catalogue raisonné des ouvrages français et étrangers, publications fasciculaires périodiques, articles de revues, compositions musicales, cartes géographiques et affiches-texte du 1er août 1914 au 31 mars 1916... avec table alphabétique | |
| 594 | _aPrecede al tít.: Collection Henri Leblanc. | ||
| 650 | 4 |
_aGuerra mundial, 1914-1918- _vBibliografías. _9160148 |
|
| 852 |
_aES-MaACL _jG-4915-19 |
||
| 999 |
_c47774 _d47774 |
||